LEADER 00978nam a2200229 i 4500 001 000000186306 003 CaOOAMICUS 005 20100224000000.0 008 100224s1936 fr u000 u fre u 013 $a164353 040 $aSeMil$bita 100 1 $aLoisy, Alfred,$d<1857-1940>.$0(OLS)http://semarc/name/2547 245 10$aGeorge Tyrrell et Henri Bremond /$cAlfred Loisy. 260 $aParis :$bÉ. Nourry,$c1936$e(Luogo di manifattura non identificato :$fImpr. Jouve & Cie,$g1936) 300 $aXIII, 205 p. ;$c19 cm. 600 14$aBrémond, Henri .$0(OLS)http://semarc/subject/10039 600 14$aTyrrell, George <1861-1909>.$0(OLS)http://semarc/subject/11068 850 $aSeMil 852 $aSeMil$W1$xVenegono$y1$m2X II 150$j136993$B136993$CSeMilBibl$Z2$F148539 $81 961 $aOmaggio: Donazione 996 $6245$aGeorge Tyrrell et Henri Bremond$9(OLS)http://semarc/title/267805 996 $6260$aParis :$bÉ. Nourry$9(OLS)http://semarc/publisher/31657 LEADER 00631nam a2200181 i 4500 001 000000046175 003 CaOOAMICUS 005 20240319100301.0 008 150402s1898 it u000 u ita u 013 $a17345 040 $aSeMil$bita 245 10$aVol. 1. 300 $aXV, 334 p., [6] c. di tav., di cui 1 ripieg. :$bill. 773 0 $tAtti del primo congresso antimassonico internazionale.$dTrento : Stab. tip. G. B. Monauni, 1898.$g1$w()14433 850 $aSeMil 852 $aSeMil$W1$xVenegono$y1$m3D V 92 FA$j12330$B12330$CSeMilBibl$Z2$F12330 $8I 996 $6245$aVol. 1$9(OLS)http://semarc/title/13429